[Event "9th Lost Boys op"]
[Site "Amsterdam NED"]
[Date "2001.08.18"]
[Round "8"]
[White "Witt, Rob"]
[Black "Helvensteijn, Dennis"]
[Result "1-0"]
[WhiteElo "2280"]
[BlackElo "2191"]
[EventDate "2001.08.10"]
[PlyCount "77"]

1.d4 d5 2.c4 Nc6 3.Nf3 Bg4 4.Bf4 e6 5.e3 Bb4+ 6.Nc3 Nge7 7.Rc1 Ng6 8.h3 
Bh5 9.Bh2 Nh4 10.g4 Nxf3+ 11.Qxf3 Bg6 12.Qg3 Rc8 13.Be2 O-O 14.O-O f5 15.
f4 dxc4 16.Bxc4 Bf7 17.Qg2 Na5 18.Be2 c5 19.a3 Bxc3 20.Rxc3 cxd4 21.Rxc8 
Qxc8 22.exd4 Rd8 23.Bg3 Nb3 24.Be1 Nxd4 25.Bc3 e5 26.Rd1 Qc5 27.Kh2 Rc8 
28.gxf5 Bd5 29.Bxd4 exd4 30.Qf2 Re8 31.Bh5 Re3 32.Qd2 d3 33.Rc1 Bc4 34.
Rxc4 Rxh3+ 35.Kxh3 Qxc4 36.Qc3 Qxc3 37.bxc3 Kf8 38.Kg3 Ke7 39.Kf3 1-0

[Event "9th Lost Boys op"]
[Site "Amsterdam NED"]
[Date "2001.08.18"]
[Round "8"]
[White "Vogt, Andreas"]
[Black "Larsen, Karsten"]
[Result "1-0"]
[WhiteElo "2250"]
[BlackElo "2300"]
[EventDate "2001.08.10"]
[PlyCount "147"]

1.d4 g6 2.c4 Bg7 3.Nc3 d6 4.e4 Nd7 5.Nf3 e5 6.Be2 Ngf6 7.O-O h6 8.Re1 O-O 
9.Bf1 Re8 10.h3 a5 11.Be3 exd4 12.Bxd4 c6 13.Qd2 a4 14.Rad1 Qa5 15.a3 Ne5 
16.Be2 Be6 17.Be3 Rad8 18.Bxh6 Nxf3+ 19.Bxf3 Bxc4 20.Bxg7 Kxg7 21.Qd4 Bb3 
22.Rd2 Qe5 23.Bd1 Qxd4 24.Rxd4 d5 25.e5 Nd7 26.f4 Bxd1 27.Rdxd1 Nc5 28.Kf2
f6 29.exf6+ Kxf6 30.Kf3 b5 31.g4 Kf7 32.h4 Nb3 33.Rxe8 Rxe8 34.g5 Nc5 35.
Kg4 Re3 36.f5 gxf5+ 37.Kxf5 Nd3 38.Rd2 Rf3+ 39.Kg4 Ne5+ 40.Kh5 Ng6 41.Rh2 
Kg7 42.Ne2 c5 43.Nc3 d4 44.Nxb5 Rg3 45.Rf2 Rh3 46.Kg4 Rxh4+ 47.Kf5 Rh8 48.
Ke6 Re8+ 49.Kd6 d3 50.Nc3 Re5 51.Rd2 c4 52.Nxa4 Re2 53.Rd1 Nf4 54.Kc5 Rc2 
55.Nc3 Rxb2 56.Kxc4 Kg6 57.a4 Kxg5 58.a5 Rb8 59.a6 Rc8+ 60.Kb4 Kf5 61.a7 
Ke5 62.Ra1 d2 63.Ra5+ Kd4 64.a8=Q Nd3+ 65.Kb3 Rxc3+ 66.Ka2 Nc1+ 67.Kb1 Nd3
68.Ra4+ Ke3 69.Re4+ Kf2 70.Qf8+ Kg3 71.Re3+ Kg4 72.Qf3+ Kg5 73.Rxd3 d1=Q+ 
74.Qxd1 1-0

[Event "9th Lost Boys op"]
[Site "Amsterdam NED"]
[Date "2001.08.18"]
[Round "8"]
[White "Marechal, Andy"]
[Black "Lorscheid, Gerhard"]
[Result "1/2-1/2"]
[WhiteElo "2371"]
[BlackElo "2319"]
[EventDate "2001.08.10"]
[PlyCount "23"]

1.e4 c5 2.Nc3 Nc6 3.g3 g6 4.Bg2 Bg7 5.d3 d6 6.f4 b6 7.Nf3 Bb7 8.O-O Qd7 9.
Be3 f5 10.Qd2 Nf6 11.Kh1 O-O-O 12.Rae1 1/2-1/2

[Event "9th Lost Boys op"]
[Site "Amsterdam NED"]
[Date "2001.08.18"]
[Round "8"]
[White "Wuts, Frank"]
[Black "Kohler, Aran"]
[Result "1-0"]
[WhiteElo "2315"]
[BlackElo "2362"]
[EventDate "2001.08.10"]
[PlyCount "105"]

1.d4 Nf6 2.c4 a6 3.Nc3 c5 4.dxc5 e6 5.b4 a5 6.Qa4 Na6 7.a3 axb4 8.axb4 Nc7
9.Qxa8 Nxa8 10.Rxa8 Be7 11.Nb5 O-O 12.Bf4 Ne4 13.Bc7 Qe8 14.f3 Nxc5 15.
bxc5 Bxc5 16.Bd6 Bxd6 17.Nxd6 Qe7 18.Nxc8 Qb4+ 19.Kf2 Qc5+ 20.e3 Rxc8 21.
Rxc8+ Qxc8 22.Bd3 d5 23.cxd5 Qc1 24.dxe6 fxe6 25.h4 b5 26.Bxb5 h5 27.Rh3 
Qb2+ 28.Be2 g6 29.Rg3 Kf7 30.Nh3 e5 31.Ng5+ Kf6 32.Ne4+ Kf7 33.Rg5 Qa1 34.
Nd6+ Kg7 35.Bd3 Qd1 36.Rxg6+ Kh7 37.Rg5+ Qxd3 38.Rxh5+ Kg7 39.Nf5+ Kf7 40.
e4 Qd2+ 41.Kg3 Qf4+ 42.Kh3 Qc1 43.g3 Kf6 44.Rg5 Kf7 45.Kg4 Kf6 46.Rg7 Ke6 
47.h5 Kf6 48.h6 Qh1 49.h7 Qh2 50.Ra7 Ke6 51.Ra6+ Kf7 52.Rh6 Qg2 53.Nd6+ 
1-0

[Event "9th Lost Boys op"]
[Site "Amsterdam NED"]
[Date "2001.08.18"]
[Round "8"]
[White "Hopman, Pieter"]
[Black "Van Delft, Merijn"]
[Result "0-1"]
[WhiteElo "2215"]
[BlackElo "2336"]
[EventDate "2001.08.10"]
[PlyCount "85"]

1.d4 Nf6 2.c4 g6 3.Nc3 Bg7 4.e4 d6 5.Bd3 O-O 6.Nge2 Nc6 7.O-O e5 8.d5 Nd4 
9.f3 c5 10.Nxd4 exd4 11.Ne2 b5 12.cxb5 a6 13.b4 axb5 14.bxc5 dxc5 15.Bxb5 
Nxd5 16.Bc6 Nb4 17.Bxa8 Ba6 18.Bd2 d3 19.Nc3 Qd4+ 20.Kh1 Rxa8 21.Qa4 Qd8 
22.Qb3 Nc2 23.Rab1 Nd4 24.Qd5 Ne2 25.Rb3 Qxd5 26.Nxd5 Bc4 27.Rb7 Bxa2 28.
Rc7 Bd4 29.f4 f5 30.Ne7+ Kf8 31.exf5 c4 32.Bb4 Ke8 33.fxg6 hxg6 34.f5 c3 
35.Nc6 Bf6 36.fxg6 d2 37.g7 Ra4 38.Be7 Rf4 39.Ra1 c2 40.g8=Q+ Bxg8 41.Ra8+
Kf7 42.Bb4+ Ke6 43.Re8+ 0-1

[Event "9th Lost Boys op"]
[Site "Amsterdam NED"]
[Date "2001.08.18"]
[Round "8"]
[White "Day, Lawrence"]
[Black "Erwich, Marc"]
[Result "0-1"]
[WhiteElo "2367"]
[BlackElo "2263"]
[EventDate "2001.08.10"]
[PlyCount "92"]

1.e4 e5 2.f4 Bc5 3.Nf3 d6 4.c3 Qe7 5.fxe5 dxe5 6.d3 a5 7.Bg5 Nf6 8.Nbd2 h6
9.Bh4 Nc6 10.Qe2 Bg4 11.h3 Bd7 12.Nc4 b5 13.Ne3 g5 14.Bf2 Be6 15.Qc2 O-O 
16.Be2 Rad8 17.O-O Bb6 18.Kh2 Rd7 19.Bg1 Rfd8 20.Nd2 Ne8 21.Rf3 f6 22.Ndf1
Ng7 23.Ng3 Bxe3 24.Bxe3 h5 25.Raf1 h4 26.Nf5 Nxf5 27.exf5 Bd5 28.R3f2 Qd6 
29.Kh1 Rg7 30.a3 Bf7 31.b4 axb4 32.axb4 Ne7 33.Bc5 Qd7 34.d4 exd4 35.Bxd4 
Nd5 36.Bf3 Qd6 37.Rd2 c6 38.Ra1 Rd7 39.Bc5 Qf4 40.Ra8+ Kh7 41.Rc8 Nxb4 42.
Rxd7 Nxc2 43.Rcc7 Qc4 44.Bf8 Ne1 45.Bxc6 g4 46.Bxg7 Qf1+ 0-1

[Event "9th Lost Boys op"]
[Site "Amsterdam NED"]
[Date "2001.08.18"]
[Round "8"]
[White "Blokhuis, Jeroen"]
[Black "Cruz-Lopez Claret, Carlos"]
[Result "1/2-1/2"]
[WhiteElo "2341"]
[BlackElo "2297"]
[EventDate "2001.08.10"]
[PlyCount "57"]

1.e4 e5 2.Nf3 Nc6 3.Bb5 a6 4.Ba4 Nf6 5.O-O Nxe4 6.d4 b5 7.Bb3 d5 8.dxe5 
Be6 9.c3 Bc5 10.Nbd2 O-O 11.Bc2 Nxf2 12.Rxf2 f6 13.exf6 Bxf2+ 14.Kxf2 Qxf6
15.Kg1 Rae8 16.Nf1 Ne5 17.Be3 Nxf3+ 18.Qxf3 Qxf3 19.gxf3 Rxf3 20.Bd4 Bh3 
21.Ng3 g6 22.b4 Kf7 23.a4 h5 24.Bb3 c6 25.axb5 axb5 26.Nf1 Re2 27.Ng3 Re8 
28.Nf1 Re2 29.Ng3 1/2-1/2

[Event "9th Lost Boys op"]
[Site "Amsterdam NED"]
[Date "2001.08.18"]
[Round "8"]
[White "Wunnink, Michael"]
[Black "Soderberg, Per"]
[Result "1-0"]
[WhiteElo "2215"]
[BlackElo "2264"]
[EventDate "2001.08.10"]
[PlyCount "77"]

1.d4 d5 2.c4 c6 3.Nf3 Nf6 4.Nc3 dxc4 5.a4 Bf5 6.Ne5 Nbd7 7.Nxc4 Qc7 8.g3 
e5 9.dxe5 Nxe5 10.Bf4 Nfd7 11.Bg2 f6 12.O-O Nc5 13.Ne3 Be6 14.b4 Ncd7 15.
b5 Be7 16.bxc6 bxc6 17.Nb5 Qa5 18.Nd4 Bd5 19.Nxd5 cxd5 20.Ne6 g5 21.Bd2 
Qb6 22.Bxd5 Rc8 23.Ng7+ Kf8 24.Ne6+ Ke8 25.Rb1 Qa6 26.Ng7+ Kf8 27.Bb7 Qc4 
28.Rc1 Kxg7 29.Bxc8 Qe6 30.Be3 Rxc8 31.Rxc8 Qh3 32.Qd5 Nf8 33.Rc7 Nfg6 34.
Bc5 Kh6 35.Bxe7 Nf4 36.gxf4 gxf4 37.Bf8+ Kg6 38.Qg8+ Kf5 39.Qxh7+ 1-0

[Event "9th Lost Boys op"]
[Site "Amsterdam NED"]
[Date "2001.08.18"]
[Round "8"]
[White "Pel, Bonno"]
[Black "Tan, Kevin"]
[Result "0-1"]
[WhiteElo "2191"]
[BlackElo "2184"]
[EventDate "2001.08.10"]
[PlyCount "80"]

1.Nc3 Nf6 2.e4 d5 3.e5 Nfd7 4.f4 c5 5.Nf3 Nc6 6.d4 cxd4 7.Nxd4 Nxd4 8.Qxd4
e6 9.Be3 Bc5 10.Qd2 a6 11.O-O-O Qc7 12.h4 O-O 13.g3 b5 14.Ne2 Be7 15.Bg2 
b4 16.Kb1 Rd8 17.Bd4 Nb6 18.b3 Rb8 19.g4 a5 20.Ng3 a4 21.f5 Ba6 22.f6 Bf8 
23.fxg7 Be7 24.Bf1 Nc4 25.bxc4 dxc4 26.Ne4 Bb7 27.Bg2 Kxg7 28.Rhf1 c3 29.
Qf2 Rf8 30.h5 Bxe4 31.Bxe4 b3 32.Rd3 bxc2+ 33.Ka1 Rb1+ 34.Rxb1 cxb1=Q+ 35.
Kxb1 Rb8+ 36.Kc2 Rb2+ 37.Kc1 Rxf2 38.Bxf2 Qc4 39.h6+ Kxh6 40.Bd4 Bg5+ 0-1

[Event "9th Lost Boys op"]
[Site "Amsterdam NED"]
[Date "2001.08.18"]
[Round "8"]
[White "Delafargue, Bertrand"]
[Black "Van de Vegt, Lenze"]
[Result "0-1"]
[WhiteElo "2150"]
[BlackElo "2167"]
[EventDate "2001.08.10"]
[PlyCount "64"]

1.e4 c5 2.Nf3 e6 3.d4 cxd4 4.Nxd4 a6 5.Bd3 Qc7 6.O-O Nf6 7.Qe2 d6 8.c4 g6 
9.Nc3 Bg7 10.Nf3 Nc6 11.h3 O-O 12.Bf4 Nd7 13.Rac1 b6 14.Rfd1 Bb7 15.Bc2 
Nde5 16.b3 Rfd8 17.Be3 Rab8 18.Nd4 Ba8 19.Qd2 Nxd4 20.Bxd4 Qe7 21.Qe2 Nc6 
22.Be3 Rd7 23.f4 Qd8 24.Kh2 Ne7 25.Bg1 g5 26.g3 gxf4 27.gxf4 Ng6 28.Be3 
Qf6 29.e5 Nxe5 30.Ne4 Qh4 31.Ng5 h6 32.Qf2 Ng4+ 0-1

[Event "9th Lost Boys op"]
[Site "Amsterdam NED"]
[Date "2001.08.18"]
[Round "8"]
[White "Konings, Leon"]
[Black "Roebers, Jan"]
[Result "1-0"]
[WhiteElo "2293"]
[BlackElo "2303"]
[EventDate "2001.08.10"]
[PlyCount "105"]

1.d4 Nf6 2.c4 g6 3.Nc3 Bg7 4.e4 d6 5.Be2 O-O 6.Nf3 e5 7.Be3 Ng4 8.Bg5 f6 
9.Bh4 Nc6 10.d5 Ne7 11.h3 Nh6 12.Nd2 c5 13.f3 g5 14.Bf2 f5 15.g4 fxg4 16.
hxg4 Ng6 17.Nf1 Qf6 18.Rh2 Nh4 19.Bxh4 gxh4 20.Kd2 Nf7 21.Kc2 Ng5 22.Nd2 
h3 23.Qg1 Qf4 24.Rf1 h5 25.gxh5 Bh6 26.Bd1 Kh8 27.Ne2 Qh4 28.Qg3 Qxg3 29.
Nxg3 Nh7 30.Nf5 Bf4 31.Rhh1 h2 32.Nxd6 Bh3 33.Rf2 b6 34.Rhxh2 Bxh2 35.Rxh2
Bd7 36.Nb5 a6 37.Nc3 Rae8 38.Ne2 Rg8 39.f4 Bg4 40.fxe5 Bxe2 41.Rxe2 Rxe5 
42.Nf3 Rxh5 43.e5 Kg7 44.e6 Nf6 45.Ne5 Rh4 46.d6 Kf8 47.Rf2 Kg7 48.d7 Rd4 
49.e7 Nxd7 50.Rg2+ Kf6 51.Rxg8 Kxe7 52.Rg7+ Kf6 53.Rxd7 1-0

[Event "9th Lost Boys op"]
[Site "Amsterdam NED"]
[Date "2001.08.19"]
[Round "9"]
[White "Van Wely, Loek"]
[Black "Sutovsky, Emil"]
[Result "1/2-1/2"]
[WhiteElo "2695"]
[BlackElo "2651"]
[EventDate "2001.08.10"]
[PlyCount "81"]

1.d4 Nf6 2.c4 g6 3.Nc3 d5 4.Nf3 Bg7 5.cxd5 Nxd5 6.e4 Nxc3 7.bxc3 c5 8.Be3 
Qa5 9.Qd2 Nc6 10.Rc1 cxd4 11.cxd4 Qxd2+ 12.Kxd2 O-O 13.d5 Rd8 14.Ke1 Na5 
15.Bg5 Bd7 16.Bd3 Rdc8 17.Ke2 e6 18.Be3 exd5 19.exd5 b5 20.Nd2 a6 21.Ne4 
Bf5 22.f3 Nc4 23.Bxc4 bxc4 24.Rhd1 Be5 25.g4 Bxe4 26.fxe4 c3 27.Bd4 c2 28.
Rd2 Bxd4 29.Rxd4 Rc3 30.Rd3 Rc4 31.Kf3 f6 32.h4 Kf7 33.g5 Rac8 34.d6 fxg5 
35.hxg5 Ke6 36.d7 Rd8 37.Rd2 Rc3+ 38.Kg4 Rxd7 39.Rcxc2 Rxc2 40.Rxc2 Ke5 
41.Rc6 1/2-1/2

[Event "9th Lost Boys op"]
[Site "Amsterdam NED"]
[Date "2001.08.19"]
[Round "9"]
[White "Sokolov, Ivan"]
[Black "Gershon, Alik"]
[Result "1-0"]
[WhiteElo "2659"]
[BlackElo "2553"]
[EventDate "2001.08.10"]
[PlyCount "83"]

1.d4 Nf6 2.c4 e6 3.Nf3 b6 4.Nc3 Bb7 5.Bg5 Bb4 6.Nd2 c5 7.a3 cxd4 8.axb4 
dxc3 9.bxc3 O-O 10.e4 d6 11.Bd3 Nbd7 12.O-O Qc7 13.Re1 b5 14.Re3 bxc4 15.
Nxc4 d5 16.exd5 Nxd5 17.Rh3 g6 18.Na5 Rab8 19.Nxb7 Rxb7 20.Be4 Rb5 21.Qd4 
Qb6 22.Qxb6 N5xb6 23.Bh6 Rc8 24.Rxa7 Re5 25.Re3 Nd5 26.Bxd5 Rxd5 27.h3 Nb6
28.Rf3 f5 29.Rg7+ Kh8 30.Re7 Rd6 31.Bf4 Rd1+ 32.Kh2 Kg8 33.Rxe6 Na4 34.Be5
Re1 35.Re7 Kf8 36.Rxh7 Rc6 37.Rd3 Ke8 38.Bd4 Rc1 39.Re3+ Kd8 40.Ree7 Nxc3 
41.Bxc3 R1xc3 42.Ra7 1-0

[Event "9th Lost Boys op"]
[Site "Amsterdam NED"]
[Date "2001.08.19"]
[Round "9"]
[White "Michiels, Bart"]
[Black "Jonkman, Harmen"]
[Result "0-1"]
[WhiteElo "2113"]
[BlackElo "2468"]
[EventDate "2001.08.10"]
[PlyCount "92"]

1.e4 e5 2.Nf3 Nc6 3.Nc3 Nf6 4.g3 Bc5 5.Bg2 d6 6.d3 a6 7.O-O Be6 8.Be3 Bxe3
9.fxe3 Ne7 10.h3 c6 11.Qd2 Ng6 12.d4 h6 13.a4 a5 14.Kh2 O-O 15.Rf2 Qb6 16.
Ng1 Qxb2 17.Rb1 Qa3 18.Rff1 d5 19.Rxb7 Rfd8 20.Nge2 Ne8 21.Qc1 Qf8 22.exd5
cxd5 23.Nb5 Nd6 24.Rb6 Qe7 25.Rxd6 Rxd6 26.Nxd6 Qxd6 27.c4 Rb8 28.c5 Qc6 
29.Nc3 Rb4 30.Rd1 Ne7 31.Qa3 e4 32.Rb1 Rxb1 33.Nxb1 Nf5 34.Nd2 Qc7 35.Nf1 
h5 36.Qc1 h4 37.Qe1 Bd7 38.Qf2 g6 39.Kg1 hxg3 40.Qa2 Bc6 41.Qb3 Qb7 42.Nd2
Qxb3 43.Nxb3 Bxa4 44.Nxa5 Kf8 45.Bf1 Ke7 46.Ba6 Nxe3 0-1

[Event "9th Lost Boys op"]
[Site "Amsterdam NED"]
[Date "2001.08.19"]
[Round "9"]
[White "Piket, Jeroen"]
[Black "Avrukh, Boris"]
[Result "1-0"]
[WhiteElo "2630"]
[BlackElo "2598"]
[EventDate "2001.08.10"]
[PlyCount "77"]

1.c4 e5 2.Nc3 Nf6 3.Nf3 Nc6 4.g3 Nd4 5.Bg2 Nxf3+ 6.Bxf3 Bb4 7.Qb3 Bc5 8.d3
h6 9.h4 Nh7 10.Ne4 Be7 11.Qb5 c5 12.Be3 a6 13.Qa4 Qc7 14.Nc3 Qd8 15.b4 Nf8
16.bxc5 Ne6 17.Qb4 O-O 18.Nd5 f5 19.Nxe7+ Qxe7 20.Bd5 Kh8 21.Bxe6 a5 22.
Qb2 Qxe6 23.f4 e4 24.Bd4 Rf7 25.Kd2 Ra6 26.Be5 b6 27.cxb6 Rxb6 28.Qd4 Rc6 
29.c5 exd3 30.exd3 Ba6 31.h5 Rc8 32.Rhb1 Qc6 33.Rb6 Qg2+ 34.Kc3 Rc6 35.
Rab1 Qf3 36.Rxc6 dxc6 37.Qd6 Qxh5 38.Qxc6 Ra7 39.Rb6 1-0

[Event "9th Lost Boys op"]
[Site "Amsterdam NED"]
[Date "2001.08.19"]
[Round "9"]
[White "Nijboer, Friso"]
[Black "Van den Doel, Erik"]
[Result "1/2-1/2"]
[WhiteElo "2551"]
[BlackElo "2607"]
[EventDate "2001.08.10"]
[PlyCount "90"]

1.e4 e5 2.Nf3 Nc6 3.Bb5 Nf6 4.O-O Nxe4 5.d4 Nd6 6.Bxc6 dxc6 7.dxe5 Nf5 8.
Qxd8+ Kxd8 9.Nc3 Ke8 10.h3 a5 11.Bf4 Be6 12.g4 Ne7 13.Bg3 Nd5 14.Ne4 h5 
15.Nd4 Bd7 16.c4 Nb6 17.b3 hxg4 18.e6 Bxe6 19.Nxe6 fxe6 20.Bxc7 Nd7 21.
hxg4 Nc5 22.Rfe1 a4 23.Rad1 axb3 24.axb3 Rh4 25.Nd6+ Bxd6 26.Bxd6 Rxg4+ 
27.Kf1 Nxb3 28.Rxe6+ Kf7 29.Re7+ Kg8 30.Rxb7 Na5 31.Ra1 Rd8 32.Rxa5 Rxd6 
33.Rc5 Rf4 34.Rg5 g6 35.Ra5 Rdf6 36.Ra8+ Rf8 37.Rxf8+ Kxf8 38.Ke2 Rxc4 39.
Ke3 Rc5 40.Ke4 Rf5 41.Rc7 Rxf2 42.Rxc6 Kg7 43.Ke3 Rf8 44.Rc1 g5 45.Rc6 Rf6
1/2-1/2

[Event "9th Lost Boys op"]
[Site "Amsterdam NED"]
[Date "2001.08.19"]
[Round "9"]
[White "Gurevich, Mikhail"]
[Black "Van Blitterswijk, Stefan"]
[Result "1/2-1/2"]
[WhiteElo "2633"]
[BlackElo "2380"]
[EventDate "2001.08.10"]
[PlyCount "142"]

1.d4 d5 2.c4 e6 3.Nc3 Be7 4.Nf3 Nf6 5.Bg5 h6 6.Bh4 O-O 7.e3 b6 8.Bd3 Bb7 
9.O-O Nbd7 10.Bg3 Bd6 11.Bh4 Be7 12.Rc1 c5 13.cxd5 Nxd5 14.Bg3 cxd4 15.
exd4 Nxc3 16.bxc3 Nf6 17.Re1 Nh5 18.Bb1 Nxg3 19.hxg3 Bxf3 20.Qxf3 Qd6 21.
Qe4 g6 22.d5 Bg5 23.Rcd1 exd5 24.Rxd5 Qc6 25.Qd3 Rac8 26.Rd7 a5 27.Rd6 
Qxc3 28.Qxc3 Rxc3 29.Rxb6 Rc1 30.Rxc1 Bxc1 31.Bc2 Re8 32.Bb3 Kf8 33.Ra6 
Bd2 34.g4 Re4 35.Ra7 Re7 36.Ra8+ Re8 37.Ra6 Re4 38.g3 Bb4 39.Kg2 Kg7 40.f4
Re7 41.f5 gxf5 42.gxf5 Re5 43.g4 h5 44.gxh5 f6 45.Be6 Kh6 46.Ra8 Kxh5 47.
Kf3 Re1 48.Rh8+ Kg5 49.Rg8+ Kh5 50.Rg2 Rf1+ 51.Ke4 Re1+ 52.Kd5 Rd1+ 53.Kc6
Rd3 54.Bd5 Kh4 55.Rg6 Bc3 56.Kd6 Rg3 57.Ke6 Rxg6 58.fxg6 f5 59.Kf7 f4 60.
g7 Bxg7 61.Kxg7 Kg3 62.Kf6 f3 63.Ke5 f2 64.Bc4 Kg2 65.Kd4 f1=Q 66.Bxf1+ 
Kxf1 67.Kc5 Ke2 68.Kb5 Kd3 69.Kxa5 Kc4 70.Kb6 Kb4 71.a4 Kxa4 1/2-1/2

[Event "9th Lost Boys op"]
[Site "Amsterdam NED"]
[Date "2001.08.19"]
[Round "9"]
[White "Ikonnikov, Viacheslav"]
[Black "l`Ami, Erwin"]
[Result "1-0"]
[WhiteElo "2552"]
[BlackElo "2275"]
[EventDate "2001.08.10"]
[PlyCount "87"]

1.d4 Nf6 2.Nf3 g6 3.c4 Bg7 4.Nc3 d5 5.Bg5 Ne4 6.cxd5 Nxg5 7.Nxg5 e6 8.Qd2 
exd5 9.Qe3+ Kf8 10.Nf3 Be6 11.Rd1 h6 12.Qd2 Kg8 13.e3 Kh7 14.Bd3 Re8 15.
O-O Nd7 16.Na4 c6 17.Rc1 a5 18.a3 Qb8 19.Qc2 Bf8 20.Nd2 b5 21.Nc3 Nf6 22.
Ne2 Bd6 23.Ng3 Bd7 24.Rfe1 h5 25.e4 h4 26.Ngf1 dxe4 27.Bxe4 Qb6 28.Nf3 
Nxe4 29.Rxe4 Rxe4 30.Qxe4 h3 31.Ne5 Bxe5 32.dxe5 hxg2 33.Ng3 Kg7 34.Qf4 
Qd8 35.Rd1 Qe8 36.Qg5 Kf8 37.Ne4 Bf5 38.Qh6+ Ke7 39.Qh4+ Kf8 40.Qh8+ Ke7 
41.Qf6+ Kf8 42.Nd6 Rd8 43.Qh8+ Ke7 44.Nxf5+ 1-0

[Event "9th Lost Boys op"]
[Site "Amsterdam NED"]
[Date "2001.08.19"]
[Round "9"]
[White "Roobol, Martin"]
[Black "Ernst, Sipke"]
[Result "1/2-1/2"]
[WhiteElo "2261"]
[BlackElo "2440"]
[EventDate "2001.08.10"]
[PlyCount "124"]

1.e4 e5 2.Nf3 Nc6 3.Bc4 Nf6 4.d3 Be7 5.O-O O-O 6.Bb3 Kh8 7.Re1 d6 8.h3 Ng8
9.Nbd2 f5 10.exf5 Bxf5 11.Nf1 Bg6 12.Ng3 Qd7 13.c3 Rae8 14.Be3 d5 15.d4 e4
16.Ne5 Nxe5 17.dxe5 Rd8 18.Qg4 Qe8 19.h4 h5 20.Qh3 Nh6 21.Bd1 Bf5 22.Nxf5 
Nxf5 23.Bg5 Bxg5 24.hxg5 g6 25.g4 Ng7 26.gxh5 gxh5 27.Re3 Qg6 28.Rg3 Kg8 
29.Be2 Rf5 30.e6 Re8 31.Rd1 c6 32.c4 Rxe6 33.cxd5 cxd5 34.Bb5 Rd6 35.Rc1 
a6 36.Rc8+ Kh7 37.Be2 Rxg5 38.Rc7 Rxg3+ 39.fxg3 Qg5 40.Bxh5 Rh6 41.g4 d4 
42.Qg2 Qf4 43.Rf7 Qe3+ 44.Qf2 Qxf2+ 45.Kxf2 Rb6 46.b3 Kh6 47.Rd7 e3+ 48.
Ke1 Nxh5 49.gxh5 Rb4 50.Rd5 b6 51.Ke2 a5 52.Kd3 b5 53.Kc2 a4 54.Re5 Kg7 
55.Rd5 Kh7 56.Rd7+ Kh6 57.Rd5 e2 58.Kd2 axb3 59.axb3 Rxb3 60.Kxe2 Rg3 61.
Rxb5 Rg8 62.Kd3 Rd8 1/2-1/2

[Event "9th Lost Boys op"]
[Site "Amsterdam NED"]
[Date "2001.08.19"]
[Round "9"]
[White "Gustafsson, Jan"]
[Black "Handke, Florian"]
[Result "1-0"]
[WhiteElo "2535"]
[BlackElo "2384"]
[EventDate "2001.08.10"]
[PlyCount "79"]

1.d4 Nf6 2.c4 e6 3.Nc3 Bb4 4.Qc2 O-O 5.a3 Bxc3+ 6.Qxc3 b6 7.Nf3 Ne4 8.Qc2 
Bb7 9.g3 f5 10.Bg2 Nf6 11.O-O Be4 12.Qc3 Qe8 13.b4 d6 14.Bb2 Nbd7 15.Rac1 
a6 16.Qd2 Rc8 17.Rfd1 b5 18.c5 h6 19.Bf1 Nd5 20.Ne1 f4 21.f3 fxg3 22.hxg3 
Qg6 23.fxe4 Qxg3+ 24.Ng2 Nf4 25.Rc3 Nh3+ 26.Kh1 Nf2+ 27.Kg1 Nh3+ 28.Kh1 
Qg4 29.Rxh3 Qxh3+ 30.Kg1 Nf6 31.Qe3 Qg4 32.d5 e5 33.Qf3 Qxe4 34.Ne3 Qh4 
35.Bh3 Nh5 36.Nf5 Qg5+ 37.Kh2 e4 38.Qf2 Rf7 39.Rg1 Qd2 40.Bc1 1-0

[Event "9th Lost Boys op"]
[Site "Amsterdam NED"]
[Date "2001.08.19"]
[Round "9"]
[White "Van der Wiel, John"]
[Black "Hendriks, Willy"]
[Result "1/2-1/2"]
[WhiteElo "2498"]
[BlackElo "2321"]
[EventDate "2001.08.10"]
[PlyCount "43"]

1.e4 d6 2.d4 Nf6 3.Nc3 g6 4.Nf3 Bg7 5.Be3 c6 6.h3 O-O 7.a4 b6 8.Be2 Bb7 9.
O-O c5 10.e5 Nd5 11.Nxd5 Bxd5 12.exd6 exd6 13.Qd2 c4 14.Bh6 Nd7 15.Bxg7 
Kxg7 16.Qb4 Qc7 17.Nd2 Rac8 18.Bg4 f5 19.Bf3 Nf6 20.Ra3 a5 21.Qc3 Qc6 22.
Re1 1/2-1/2

[Event "9th Lost Boys op"]
[Site "Amsterdam NED"]
[Date "2001.08.19"]
[Round "9"]
[White "Arakhamia-Grant, Ketevan"]
[Black "Bosboom-Lanchava, Tea"]
[Result "0-1"]
[WhiteElo "2446"]
[BlackElo "2345"]
[EventDate "2001.08.10"]
[PlyCount "76"]

1.e4 g6 2.d4 Bg7 3.Nc3 d6 4.Be3 a6 5.Qd2 b5 6.Bd3 Nd7 7.Nf3 c5 8.O-O Bb7 
9.a4 b4 10.Ne2 Qc7 11.Ng3 Ngf6 12.Bh6 Bxh6 13.Qxh6 c4 14.Be2 Bxe4 15.Nxe4 
Nxe4 16.Qg7 Rf8 17.Qxh7 d5 18.a5 O-O-O 19.g3 g5 20.Qg7 e6 21.Ra4 Nb8 22.
Ne5 f6 23.Qxc7+ Kxc7 24.Ng4 Nc6 25.Rd1 Rb8 26.Ne3 f5 27.f3 Nd6 28.c3 bxc3 
29.bxc3 Rb3 30.Rc1 Nb5 31.Nd1 Rb8 32.Kg2 Ra3 33.Ra1 Rxc3 34.Nxc3 Nxc3 35.
R4a3 Nxe2 36.h4 Nexd4 37.R3a2 gxh4 38.gxh4 c3 0-1

[Event "9th Lost Boys op"]
[Site "Amsterdam NED"]
[Date "2001.08.19"]
[Round "9"]
[White "De Vreugt, Dennis"]
[Black "Bezemer, Arno"]
[Result "1-0"]
[WhiteElo "2429"]
[BlackElo "2296"]
[EventDate "2001.08.10"]
[PlyCount "111"]

1.e4 c5 2.Nf3 d6 3.d4 cxd4 4.Nxd4 Nf6 5.Nc3 a6 6.Be3 Ng4 7.Bg5 h6 8.Bh4 g5
9.Bg3 Bg7 10.h3 Nf6 11.Qf3 Qb6 12.O-O-O Nc6 13.Nxc6 Qxc6 14.Be2 Nd7 15.Nd5
Ne5 16.Qe3 b5 17.h4 g4 18.Qb6 Qxb6 19.Nxb6 Rb8 20.Nxc8 Rxc8 21.Bxe5 Bxe5 
22.Bxg4 Rc4 23.Rhe1 Rg8 24.Bh3 Kd8 25.g3 Kc7 26.Rd3 Kb6 27.a3 a5 28.Kb1 a4
29.c3 Rc5 30.Kc2 Bf6 31.Kd2 Kc7 32.Bf1 Kb6 33.Rf3 Rd8 34.Bd3 Re5 35.Rfe3 
Rc5 36.Bb1 Rc7 37.Rf3 Rc5 38.Ba2 Rf8 39.Ree3 Kc7 40.Rf4 Kd7 41.Ref3 Rc7 
42.Bd5 Rfc8 43.Rxf6 exf6 44.Rxf6 Ke8 45.Rxh6 Ke7 46.Rh7 Kf6 47.Rh5 b4 48.
Rf5+ Kg6 49.axb4 a3 50.bxa3 Rxc3 51.b5 Rc2+ 52.Ke1 f6 53.Kf1 Rb2 54.Bc6 
Rb3 55.a4 Ra3 56.Rd5 1-0

[Event "9th Lost Boys op"]
[Site "Amsterdam NED"]
[Date "2001.08.19"]
[Round "9"]
[White "Afek, Yochanan"]
[Black "Nemet, Ivan"]
[Result "1-0"]
[WhiteElo "2381"]
[BlackElo "2427"]
[EventDate "2001.08.10"]
[PlyCount "75"]

1.e4 c5 2.c3 e6 3.d4 d5 4.e5 Qb6 5.a3 a5 6.Nf3 Bd7 7.Be2 a4 8.O-O Bb5 9.c4
Bxc4 10.Bxc4 dxc4 11.d5 Qb3 12.dxe6 fxe6 13.Qe1 Nc6 14.Nc3 O-O-O 15.Nd2 
Qc2 16.Nxc4 Rd4 17.Nd6+ Bxd6 18.exd6 Qf5 19.Be3 Rxd6 20.Nxa4 Nf6 21.Bxc5 
Rd3 22.Rc1 Kb8 23.f3 Rhd8 24.Bb6 R8d5 25.Nc5 Rd2 26.Qg3+ e5 27.Qxg7 Nd7 
28.Qg8+ Nf8 29.Ne4 Ne7 30.Qg7 Rxb2 31.Bc7+ Ka7 32.Qxe7 Ne6 33.Rf2 Rxf2 34.
Kxf2 Nf4 35.Rb1 Qc8 36.Kg1 Ne2+ 37.Kh1 Nd4 38.Nd6 1-0

[Event "9th Lost Boys op"]
[Site "Amsterdam NED"]
[Date "2001.08.19"]
[Round "9"]
[White "Solleveld, Maarten"]
[Black "Stellwagen, Daniel"]
[Result "1/2-1/2"]
[WhiteElo "2427"]
[BlackElo "2337"]
[EventDate "2001.08.10"]
[PlyCount "79"]

1.c4 Nf6 2.Nc3 e6 3.e4 c5 4.e5 Ng8 5.Nf3 Nc6 6.d4 cxd4 7.Nxd4 Nxe5 8.Ndb5 
a6 9.Nd6+ Bxd6 10.Qxd6 f6 11.Be3 Ne7 12.Bb6 Nf5 13.Bxd8 Nxd6 14.Bc7 Ke7 
15.c5 Ne8 16.Bb6 d5 17.cxd6+ Nxd6 18.Bc5 b5 19.O-O-O Rd8 20.Bd3 Bb7 21.
Bxh7 Rac8 22.b4 Nc4 23.Bc2 Kf7 24.Rd3 Bc6 25.Rhd1 Nb7 26.Rxd8 Rxd8 27.Rxd8
Nxd8 28.f3 e5 29.Ne4 Ne6 30.Bd3 Nf4 31.Bf1 f5 32.Nd2 Nxd2 33.Kxd2 g5 34.a3
Ke6 35.Bb6 Kf6 36.Bd8+ Kg6 37.Bc7 Kf6 38.Bd8+ Kg6 39.Bc7 Kf6 40.Bd8+ 
1/2-1/2

[Event "9th Lost Boys op"]
[Site "Amsterdam NED"]
[Date "2001.08.19"]
[Round "9"]
[White "De Jong, Migchiel"]
[Black "Nep, Ron"]
[Result "1/2-1/2"]
[WhiteElo "2273"]
[BlackElo "2424"]
[EventDate "2001.08.10"]
[PlyCount "134"]

1.e4 c6 2.d3 d5 3.Nd2 Nf6 4.Ngf3 Bg4 5.h3 Bh5 6.g3 e6 7.Bg2 Be7 8.O-O O-O 
9.Qe1 c5 10.g4 Bg6 11.Ne5 dxe4 12.Nxg6 hxg6 13.dxe4 Nc6 14.f4 Nb4 15.Qd1 
Qc7 16.a3 Nc6 17.c3 Rad8 18.Qe2 Nd7 19.e5 a6 20.Ne4 Na5 21.Be3 c4 22.Qf2 
Nb3 23.Rad1 Ndc5 24.g5 Rxd1 25.Rxd1 Nd3 26.Qc2 Nbc5 27.Kh1 Rd8 28.Bf3 b5 
29.Kg2 Nxe4 30.Bxe4 Bc5 31.Bxc5 Nxc5 32.Rxd8+ Qxd8 33.Kf3 Kf8 34.Ke3 Kg8 
35.h4 Nb3 36.Ke2 Nc5 37.Ke3 Kf8 38.Ke2 Ke7 39.Kf3 Qd7 40.Qe2 Kd8 41.Bc2 
Kc7 42.Qe3 Qd5+ 43.Ke2 Kc6 44.Qf3 a5 45.Ke3 Qxf3+ 46.Kxf3 Nd7 47.Ke3 Kc5 
48.Ke4 Nb6 49.Bd1 Nd5 50.Be2 Ne7 51.Bg4 Nc6 52.h5 gxh5 53.g6 fxg6 54.Bxe6 
Ne7 55.Bf7 b4 56.axb4+ axb4 57.Kf3 bxc3 58.bxc3 Nd5 59.Bxg6 Nxc3 60.Bxh5 
Nd5 61.Bg6 Kd4 62.Kg4 Ke3 63.e6 Kd4 64.Kg5 Ne7 65.Bb1 Kd5 66.Ba2 Kc5 67.
Bxc4 Kxc4 1/2-1/2

[Event "9th Lost Boys op"]
[Site "Amsterdam NED"]
[Date "2001.08.19"]
[Round "9"]
[White "Grooten, Herman"]
[Black "Riemens, Albert"]
[Result "1-0"]
[WhiteElo "2374"]
[BlackElo "2209"]
[EventDate "2001.08.10"]
[PlyCount "77"]

1.d4 Nf6 2.c4 c5 3.d5 e6 4.Nc3 exd5 5.cxd5 d6 6.Nf3 g6 7.Nd2 Nbd7 8.e4 Bg7
9.Be2 O-O 10.O-O Re8 11.Re1 Nb6 12.a4 Bd7 13.Qc2 a6 14.Nf1 Nc8 15.Bd2 Rb8 
16.Rab1 b5 17.axb5 axb5 18.b4 c4 19.Ra1 Qe7 20.f3 Nh5 21.g4 Bd4+ 22.Kh1 
Ng7 23.Ng3 Kh8 24.Bf1 Qf8 25.g5 f6 26.Bg2 f5 27.Nge2 Bb6 28.f4 Nh5 29.Rf1 
fxe4 30.Nxe4 Bf5 31.Bc3+ Kg8 32.N2g3 Nxg3+ 33.hxg3 Bd8 34.Bb2 h6 35.g4 
Bxg4 36.Nf6+ Bxf6 37.Qxg6+ Bg7 38.gxh6 Bd7 39.Bxg7 1-0